| 000 | 00340nam a22001457a 4500 | ||
|---|---|---|---|
| 003 | OSt | ||
| 005 | 20250228122654.0 | ||
| 008 | 250228b |||||||| |||| 00| 0 eng d | ||
| 020 | _a9789332584747 | ||
| 040 | _c | ||
| 082 |
_a808.8 _bTRI |
||
| 245 |
_aGATE Computer Science and IT _cTrishnas |
||
| 260 |
_bPearson _c2023 |
||
| 942 |
_2ddc _cBK _n0 |
||
| 999 |
_c36164 _d36164 |
||